000 00408nam a22001697a 4500
999 _c526694
_d526694
003 NUST
038 _awaseem
082 _a891.423
_bJAN
100 _aJan, Naseem
_917695
245 _aKook /
_cNaseem Jan
260 _aLahore :
_bShirkat Printing Press,
_c1993.
300 _a200 p. ;
500 _aHardcover.
880 _6100-01\r
_aنسیم جان
880 _6245-02\r
_aکُوک /
942 _2ddc
_cBK